000 00655nmm a2200193Ia 4500
008 251105s9999||||xx |||||||||||||||||und||
020 _a9789587169638
041 _aspa
100 _aCarvajal Marín, Luz Mery
245 0 _aSelección de personal : Discursos, prácticas, tecnologías
264 _a[Bogotá, Colombia] :
_bEditorial Pontificia Universidad Javeriana,
_c2016
300 _a142 páginas
490 _aSaber, sujeto y sociedad
650 _aEconomics and Business
700 _aCarvajal Marín, Luz Mery
700 1 _a López Cortés, Óscar Andrés (eds.)
856 _uhttps://public.digitaliapublishing.com/a/46991
942 _cCF
999 _c63683
_d63683